000 00261nam a2200097Ia 4500
001 1159387
005 20250827011319.0
008 250824s9999 xx 000 0 und d
245 0 _aKORKMAYIN ÇÜNKÜ BEN SİZİNLEYİM
_cUĞUR KOŞAR
260 _bDESTEK YAYINLARI
999 _c1159387
_d1159387